• 首页
  • 本馆介绍
  • 公告通知
  • 最新文献
  • 馆藏检索
  • 电子资源
  • 读者导购
  • 参考咨询
  • 我的图书馆
  • 登录
  • 详细信息显示
  • 放入我的书架
  • 预约/预借图书
  • 作者相关作品
  • 分类相关作品
  • 丛书相关作品
  • 出版社相关作品

书目信息

  • 表格格式
  • 工作单格式
  • 卡片格式
题名:
旅游行业安全管理实务
    
 
作者: ;国家旅游局 编
分册:  
出版信息: 北京   中国旅游出版社  2012
页数: 208页
开本: 21cm
丛书名: 旅游安全管理培训系列丛书
单 册:
中图分类: F592.1
科图分类:
主题词: 旅游业--安全管理--中国 , 旅游业 , 安全管理
电子资源:
ISBN: 978-7-5032-4223-6
000 00859nam0 2200253 450
001 2363125694
005 20231217173314.07
010    @a978-7-5032-4223-6@d21.00CNY
100    @a20120222d2012 em y0chiy0120 ea
101 0  @achi
102    @aCN@b110000
105    @ay z 000yy
200 1  @a旅游行业安全管理实务@Alv you hang ye an quan guan li shi wu@f中华人民共和国国家旅游局编
210    @a北京@c中国旅游出版社@d2012
215    @a208页@d21cm
225 1  @a旅游安全管理培训系列丛书
330    @a本书对旅游行业安全管理的范畴、任务与挑战,组织、机构与法律、法规标准,旅游行业的日常安全管理和应急管理,旅游行业的安全文化建设等进行了介绍。
606 0  @a旅游业@x安全管理@y中国
606 0  @a旅游业
606 0  @a安全管理
690    @aF592.1@v5
711 02 @a国家旅游局@Aguo jia lv you ju@4编
801  2 @aCN@b辽宁北配@c20231205
905    @aBZT@dF592.1@e4
    
    旅游行业安全管理实务/中华人民共和国国家旅游局编.-北京:中国旅游出版社,2012
    208页;21cm.-(旅游安全管理培训系列丛书)
    
    
    ISBN 978-7-5032-4223-6:21.00CNY
    本书对旅游行业安全管理的范畴、任务与挑战,组织、机构与法律、法规标准,旅游行业的日常安全管理和应急管理,旅游行业的安全文化建设等进行了介绍。
●
相关链接 在五车中查询图书 在当当中查询图书 在豆瓣中查询图书


正题名:旅游行业安全管理实务     索取号:F592.1/4         预约/预借

序号 登录号 条形码 馆藏地/架位号 状态 备注
1 2001612296   2001612296   辽三/辽宁北配(第三批)/2408/ [索取号:F592.1/4] 在馆    
2 2001612297   2001612297   辽三/辽宁北配(第三批)/2408/ [索取号:F592.1/4] 在馆    
3 2001612298   2001612298   辽三/辽宁北配(第三批)/2408/ [索取号:F592.1/4] 在馆    
4 2001612299   2001612299   辽三/辽宁北配(第三批)/2408/ [索取号:F592.1/4] 在馆    
5 2001612300   2001612300   辽三/辽宁北配(第三批)/2408/ [索取号:F592.1/4] 在馆    
6 2001612301   2001612301   辽三/辽宁北配(第三批)/2408/ [索取号:F592.1/4] 在馆    
山东省滨州职业学院图书馆 欢迎您!
大连网信软件有限公司© 版权所有